000 01028nam a2200313 a 4500
001 000011364
003 DO-SdBPM
005 20260325141434.0
007 ta
008 091016s2006 dr r 001 0 spa d
020 _a994516046X
040 _aDO-SdBPM
_bspa
_cBPMSU
_drda
082 0 4 _aRD861.44
_bR457c 2006
_222
100 1 _aReyes Tejada, Edgar
_d1964-
_eautor
_4aut.
245 1 0 _aEn clave de fábulas /
_cEdgar Reyes Tejada ; prólogo Huchi Lora.
264 _aSanto Domingo :
_bEditora Búho,
_c2006.
300 _a75 páginas :
_bilustraciones ;
_c22 cm.
336 _atexto
_btxt
_2rdacontent
337 _asin mediación
_bn
_2rdamedia
338 _avolumen
_bnc
_2rdacarrier
500 _aIncluye datos biográficos del autor en la solapa de la cubierta
590 _aInventariado, 2026/VM
650 7 _aPoesía dominicana
650 7 _aLiteratura dominicana.
650 z _aDominican literature
700 1 _aLora, Huchi,
_eprólogo
910 _aVMateo V. Control de calidad. BPMSU
942 _2ddc
_cBK
999 _c15776
_d15776